| 000 | 00429nam a2200181Ia 4500 | ||
|---|---|---|---|
| 005 | 20240823012727.0 | ||
| 008 | 240823s9999||||xx |||||||||||||| ||und|| | ||
| 041 | _aENGLISH | ||
| 082 | _A519.3 N0 | ||
| 100 | _aRao S S | ||
| 245 | 0 | _aOptimizatiom Theory and Practice | |
| 250 | _a1st | ||
| 260 |
_c1990 _b"Wiley,New Delhi" |
||
| 500 | _aTRANSFERED | ||
| 650 |
_aOptimization _bMathematics |
||
| 942 | _cBK | ||
| 999 |
_c165225 _d165225 |
||